000 02167nam a22004937a 4500
003 OSt
005 20260416133334.0
008 260415t2024 xxu||||| |||| 00| 0 spa d
020 _a9786078984503
022 _a9786078961894
040 _aUnicoc
_bspa
_c00001
_d00001
082 _a001.4
100 _912958
_aFeria Basurto, Lourdes
245 _a21 claves para organizar los datos de investigación
_b: guía práctica de gestión de datos
_c/ Lourdes Feria Basurto
250 _a1 Ed.
260 _aMéxico :
_bUniversidad de Colima ,
_bPuertabierta ,
_c2024.
300 _a106 páginas
_bilustraciones, diagramas, tablas, gráficas
440 _912960
_aColección open access
500 _aIncluye Bibliografía
505 _tCapítulo 1. Los datos. --
_tCapítulo 2. La elegancia del orden. --
_tCapítulo 3. Tu Plan de gestión de datos. --
_tCapítulo 4. Abrirse al mundo. --
526 _5Unicoc
546 _aEspañol
650 0 _911598
_aCiencia de Datos (Data Science)
650 0 _912959
_aGestión de datos
650 0 _97202
_aProcesamiento y análisis de datos
650 0 _912961
_aAdministración de datos
650 0 _910518
_aBig Data
650 0 _912983
_aRight Data
658 0 _98315
_aPrograma de Odontología
658 0 _98314
_aPrograma de Negocios Internacionales
658 0 _98008
_aPrograma de Derecho
658 0 _98220
_aPrograma de Ingeniería de Sistemas
658 0 _98260
_aPrograma de Ingeniería Industrial
658 0 _98382
_aPrograma de Administración de Empresas
658 0 _910741
_aPrograma de Psicología
658 0 _98071
_aEspecialización en Endodoncia
658 0 _98037
_aEspecialización en Gerencia de Servicios de Salud
658 0 _911722
_aEspecialización en Ortodoncia y Ortopedia Maxilar
658 0 _98074
_aEspecialización en Rehabilitación Oral
658 0 _98072
_aEspecialización en Periodoncia
658 0 _98073
_aEspecialización en Prostodoncia
856 _yAcceso online exclusivo para comunidad Unicoc.
_uhttps://unicoceduco-my.sharepoint.com/:b:/g/personal/direccionbiblioteca_unicoc_edu_co/IQDE2bKhGiXfT6NNA5Tr3G6pAUjLS-u1hs4jmEFIRzSeSLQ
942 _2ddc
_cEBOOK
999 _c10854
_d10854